000 00648nam a22001937a 4500
008 150116b xxu||||| |||| 00| 0 eng d
020 _a0393326047
050 _aQB209.G35 2003
100 _aGalison, Peter
_914164
245 _aEinstein's Clocks, Poincare's Maps :
_bEmpire of Time/
_cPeter Galison.
260 _aNew York:
_bW.W. Norton and Company,
_c2003
300 _a389p. ;
_c21 cm
500 _aIncludes bibliographical references and index.
600 _aEinstein, Albert
_d1879-1955
_914165
600 _aPoincare, Henri
_d1854-1912
_914166
650 _aTime
_914167
650 _aRelativity (Physics)
_910646
942 _2lcc
_cMONOGRAPH
999 _c121745
_d121745